| 000 | 01334 a2200301 4500 | ||
|---|---|---|---|
| 001 | 25797 | ||
| 005 | 20260407155541.0 | ||
| 008 | 260407a1991 arg spa d | ||
| 003 | AR-UNSa-BCEJYS | ||
| 040 |
_aAR-UNSa-BCEJYS _bspa _cAR-UNSa-BCEJYS |
||
| 080 |
_a658.15 _xAdministración financiera privada. Gestión financiera de empresas |
||
| 245 | 1 | 0 |
_aAdministración financiera _psegunda parte |
| 250 | _a2a. ed. | ||
| 264 | 1 |
_aBuenos Aires : _bEdiciones Macchi _c1991 |
|
| 300 |
_a312 p. _c22 cm. |
||
| 505 | _a5. Decisiones de inversión - 2. Administración del capital de trabajo - 3. Administración de los activos corrientes - 4. Estructura de financiamiento - 5. Financiación de la empresa - 6. Financiamiento a mediano plazo - 7. Financiamiento a largo plazo - 8. Sistemas especiales de financiamiento | ||
| 942 | _cBK | ||
| 590 | _aniveau_biblio:m niveau_hierar:0 | ||
| 100 | 1 | _aBasagaña, Eduardo J. | |
| 700 | 1 | _aGonzalez Dosil, Roberto | |
| 700 | 1 | _aFernandez, Heriberto Horacio | |
| 700 | 1 | _aBruno, Norberto | |
| 700 | 1 | _aSapetnitzky, Claudio E. | |
| 700 | 1 | _aBarboza, Guillermo E. | |
| 700 | 1 | _aFreijedo, Claudio Felipe | |
| 700 | 1 | _aOrban, Lazlo | |
| 856 | 4 | 1 |
_uhttps://biblioeco.unsa.edu.ar/pmb/images/libros/Temas de Administracion Financiera segunda parte 2ed v2.jpg _yImagen de portada _qimage/jpeg |
| 999 |
_c1421 _d1421 |
||